000 00601nam a2200193Ia 4500
005 20260120124623.0
008 008 260114s9999 xx 000 0 eng d
020 _a9780762312641
037 _aEBOOK
040 _aCRL
_beng
_cCRL
041 _aeng
_2eng
084 _qCRL
245 0 _aEmerging European Financial Markets: Independence and Integration Post-Enlargement
260 _bEmerald Publishing
_c2006
700 _aJonathan A. Batten
_9908483
856 _uhttps://www.emerald.com/insight/publication/doi/10.1016/S1569-3767(2006)6
942 _cEBOOK
999 _c1500377
_d1500377